000 00808nam a2200253 a 4500
008 951121s1987||||[C 0 slo c
020 _c22 Kčs.
_q(15000 výtl.)
040 _aSNK
_bslo
_cSNK
_eAACR2
041 1 _aslo
_hspa
044 _axo
_cSK
080 _a860 (72)-3
100 1 _aFuentes, Carlos
_4aut
245 1 0 _aVzdialení príbuzní
_cCarlos Fuentes ; Alexandra Ruppeldtová, Vlastimil Kovalčík, Eva Lukavská, Igor Imro
250 _a1., vyd.
260 _aBratislava
_bTatran
_c1987
_eBanská Bystrica
_fTlačiarne SNP
300 _a216 s., 11,94 AH
_c20 cm
490 0 _aLUK
_vZv. 122.
500 _aText na predsádkach.
700 1 _aRuppeldtová, Alexandra
_4trl
700 1 _aKovalčík, Vlastimil
_4oth
700 1 _aLukavská, Eva
_4oth
700 1 _aImro, Igor
_4oth
958 _aA
999 _c10634
_d10634